000 00196 a2200097 4500
020 _a9781930332966
041 _aspa
100 _aMary Pope Osborne
245 _aDelfines al amanecer
942 _cBK
999 _c28885
_d28885